Southville International School and Colleges
Your cart is empty.
  • Cart
  • Lists
    Public lists Eva Luna New books Lux_list list_1
    Your lists Log in to create your own lists
  • Log in to your account
  • Your cookies
  • Search history
Southville International School and Colleges
  • Advanced search
  • Recent comments
  • Most popular
  • Libraries

Log in to your account

Log in with GOOGLE


If you do not have an external account, but do have a local account, you can still log in:

  1. Home
  2. MARC view: Drawing caricatures :
Normal view MARC view ISBD view

Drawing caricatures : (Record no. 117952)

[ view plain ]
MARC details
000 -LEADER
fixed length control field 00563nam a2200181Ia 4500
008 - FIXED-LENGTH DATA ELEMENTS--GENERAL INFORMATION
fixed length control field 140609s9999 xx 000 0 und d
020 ## - INTERNATIONAL STANDARD BOOK NUMBER
International Standard Book Number 9781848370807
050 ## - LIBRARY OF CONGRESS CALL NUMBER
Classification number NC 730
Item number .P825 2008
100 ## - MAIN ENTRY--PERSONAL NAME
Personal name Pope, Martin.
245 ## - TITLE STATEMENT
Title Drawing caricatures :
Remainder of title how to create successful caricatures in a range of styles /
Statement of responsibility, etc Martin Pope
260 ## - PUBLICATION, DISTRIBUTION, ETC. (IMPRINT)
Place of publication, distribution, etc Edison, NJ :
Name of publisher, distributor, etc Chartwell Books,
Date of publication, distribution, etc c2008.
300 ## - PHYSICAL DESCRIPTION
Extent 128 p. :
Other physical details ill. ;
Dimensions 28 cm.
500 ## - GENERAL NOTE
General note Includes glossary and index.
521 ## - TARGET AUDIENCE NOTE
Target audience note
650 ## - SUBJECT ADDED ENTRY--TOPICAL TERM
Topical term or geographic name as entry element Caricature
General subdivision Technique.
942 ## - ADDED ENTRY ELEMENTS (KOHA)
Call number prefix Foreign
Koha item type Books
Holdings
Withdrawn status Lost status Damaged status Home library Current library Shelving location Date acquired Cost, normal purchase price Total Checkouts Total Renewals Full call number Barcode Date last seen Date checked out Price effective from Koha item type
      College Library College Library General Circulation Section 06/09/2014 429.00 1 1 NC 730 .P825 2008 C18240 05/15/2018 09/29/2014 06/09/2014 Books

Drawing caricatures :

APA

Pope M., . (2008). Drawing caricatures. Edison, NJ: Chartwell Books.

Chicago

Pope Martin, . 2008. Drawing caricatures. Edison, NJ: Chartwell Books.

Harvard

Pope M., . (2008). Drawing caricatures. Edison, NJ: Chartwell Books.

MLA

Pope Martin, . Drawing caricatures. Edison, NJ: Chartwell Books. 2008.

  • Place hold
  • Print
  • Cite
  • Add to your cart (remove)
  • Save record
    BIBTEX Dublin Core MARCXML MARC (non-Unicode/MARC-8) MARC (Unicode/UTF-8) MARC (Unicode/UTF-8, Standard) MODS (XML) RIS
  • More searches
    Search for this title in:
    Other Libraries (WorldCat) Other Databases (Google Scholar) Online Stores (Bookfinder.com) Open Library (openlibrary.org)

Exporting to Dublin Core...

SOUTHVILLE LIBRARY

Southville International School and Colleges Library

1281 Tropical Ave. Cor. Luxembourg St., BF Homes International, Las Pinas City

Tel. No. 8256374 / 252358 Loc. 117/146

Powered by Koha